Guess the Taylor Swift song by lyrics - Statistics

General Stats
  • This quiz has been taken 193 times
  • The average score is 11 of 15
Answer Stats
Hint Answer % Correct
Band-aids don't fix bullet holes, you say sorry just for show Bad Blood
93%
I stay up too late, got nothing in my brain Shake it Off
93%
I have this thing where I get older but just never wiser Anti-Hero
91%
Devils roll the dice, angels roll their eyes Cruel Summer
87%
Make the friendship bracelets, take the moment and taste it, you've got no reason to be afraid You're On Your Own, Kid
84%
'Cause I knew everything when I was young, I knew I'd curse you for the longest time Cardigan
79%
There I was again tonight, forcing laughter faking smiles Enchanted
78%
You know I adore you, I'm crazier for you than I was at 16, lost in a film scene Miss Americana and the Heartbreak Prince
77%
I love you, its ruining my life Fortnight
76%
You said normal girls were boring, but you were gone by the morning, you kicked out the stage lights but you're still performing The Smallest Man Who Ever Lived
71%
'Cause I knew too much, there was danger in the heat of my touch, he saw forever so he smashed it up My Boy Only Breaks His Favorite Toys
70%
I'll make you wanna think twice, you'll find that you were never not mine imgonnagetyouback
66%
So how much sad did you think I had, did you think I had in me? How much tragedy? So Long, London
65%
But even statues crumble if they're made to wait The Prophecy
57%
Mr. steal your girl, then make her cry loml
49%
No matching quizzes found
Score Distribution
Percent of People with Each Score
Percentile by Number Answered
Your Score History
You have not taken this quiz